Sword Art Online - Personnages - Statistiques

Statistiques générales
  • Ce quiz a été pris 609 fois
  • Le résultat moyen est 15 sur 94
Statistiques - réponses
Arc d'apparition Personnage % Correct
Kirito
99%
Asuna
98%
Klein
67%
Arc Alicization Alice
62%
Sinon
57%
Eugeo
55%
Arc Aincrad Agil
54%
Silica
51%
Yui
50%
Leafa
47%
Kyouko Yuuki
42%
Yuuki
42%
Lizbeth
39%
Death Gun
33%
Quinella
32%
Heathcliff
30%
Arc Phantom Bullet Aki Natsuki
26%
M
26%
Bercouli
24%
Sachi
24%
Oberon
20%
Pina
20%
Cardinal
19%
Diavel
18%
Ordinal Scale Eiji
18%
PoH
18%
Thor
17%
Kuradeel
16%
Rosalia
16%
Eugène
15%
Sakuya
15%
Argo
14%
Fanatio
14%
Kibao
14%
Yuuna Shigemura
14%
Recon
13%
Selka Schuberg
13%
Tizée Shtolienen
12%
Eldrie
11%
Lonie Arabel
11%
Siune
11%
Griselda
10%
Xaxa
10%
Yolko
10%
Jun
9%
Vector
9%
Deusolbert
8%
Grimlock
8%
Keita
8%
Llenn
8%
Renri
8%
Tetsuo
8%
Arc Fairy Dance Alicia Rue
7%
Charlotte
7%
Pitohui
7%
Chudelkin
6%
Godfree
6%
Sasha
6%
Soltirina Serult
6%
Ducker
5%
Fizel
5%
Gasouft Schuberg
5%
Gleam Eyes
5%
Illfang the Kobold Lord
5%
Musketeer X
5%
Sasamaru
5%
Sigurd
5%
Skull Reaper
5%
Talken
5%
Thinker
5%
Behemoth
4%
Caynz
4%
Johnny Black
4%
Rinko Kojiro
4%
Schmitt
4%
Arc Calibur Skuld
4%
Thrym
4%
Urth
4%
Verdandi
4%
SAO Alternative : GGO Fukaziroh
3%
Garitta
3%
Kikuoka Seijirou
3%
Kobatz
3%
Midori Kirigaya
3%
Mizue Oosawa
3%
Nishida
3%
Sachie Oosawa
3%
Spiegel
3%
Julier
2%
Arc Mother's Rosario Kurahashi
2%
Ran
2%
Rinel
2%
Schouzou Yuuki
2%
Shoko-gatari
2%
Aucun quiz correspondant
Distribution des résultats
% des personnes avec chaque résultat
Percentile par nombre de réponses
Votre historique - résultats
Vous n’avez pas pris ce quiz